01316cam a22003014a 45000010009000000050017000090080041000260100017000670200027000840200018001110400018001290420008001470500021001550820019001761000036001952450102002312600055003333000034003885040051004226500035004736500036005088560075005449420012006199990017006319520132006489520117007809520117008971264180720030203111022.0020111s2002 enka b 001 0 eng  a 2002000385 a1853838977 (Paperback) a9781853838972 aDLCcDLCdDLC apcc00aGE350b.B57 200200a363.7222bBIR1 aBirkeland, Janis,d1945-92259310aDesign for Sustainability :bA Sourcebook of Integrated Eco-logical Solutions /cJanis Birkeland. aLondon :bEarthscan Publications Ltd, 2002cc2002. axiv, 274 p. :bill. ;c27 cm. aIncludes bibliographical references and index. 0aEcological engineering.922594 0aSustainable development.922595413Table of contentsuhttp://www.loc.gov/catdir/toc/fy034/2002000385.html 2ddccNB c15016d15016 00102ddc40708BaccahaMAINbMAINc1STd2011-03-15epurchasel1m9o363.7 BIRp000022975r2025-07-15 00:00:00s2011-03-24yBB 00102ddc40708BaccahaMAINbMAINc1STd2011-03-15epurchasel0o363.7 BIRp000022974r2025-07-15 00:00:00yBB 00102ddc40708BaccahaMAINbMAINc1STd2011-03-15epurchasel0o363.7 BIRp000022973r2025-07-15 00:00:00yNB